000 004660000a22001810004500
003 MACL
005 20150930151428.0
008 150930b xxu||||| |||| 00| 0 eng d
040 _aMACL
_cMACL
041 _aEnglish
082 _a891.43/NAR
100 _aNarasimhacharya, M.
_912929
245 _aSri Ramanuja
_bMakers Of Indian Literature
260 _bSahitaya Academy
_c2004
_aNew Delhi
350 _a25
650 _aLiterature
_912931
942 _cBK
_k891.43
_2ddc
999 _c1425
_d1425